000 00440nam a22001817a 4500
003 MPLRDC
005 20220104123653.0
008 210129b ||||| |||| 00| 0 eng d
020 _a7-204-03809-6
082 _a855 ZH
100 _a周洪
245 _a周洪说话:杂说
_c
250 _a一版一刷
260 _a
_b内蒙古人民出版社
_c1997
300 _b
650 _a散文;随笔、日记
942 _cBK
_o855 ZH
999 _c13262
_d13252